En las entrañas del volcán / (Registro nro. 9258)

Detalles MARC
000 -LIDER
fixed length control field 00563nam a22001937a 4500
003 - IDENTIFICACDOR DE NÚMERO DE CONTROL
control field DO-SdBNP
005 - DATE AND TIME OF LATEST TRANSACTION
control field 20180125133813.0
008 - ELEMENTOS DE LONGITUD FIJA
fixed length control field 160316b spa||||| |||| 00| 0 spa d
020 ## - ISBN
International Standard Book Number 8477220107
040 ## - FUENTE DE CATALOGACIÓN
Agencia que crea de manera original el registro BPMSU
Idioma de catalogación spa
Agencia que realiza la transcripción BPMSU
100 ## - ASIENTO PRINCIPAL -- NOMBRE PERSONAL
Nombre personal Simon, Morris
245 ## - MENCIÓN DE TITULO
Título En las entrañas del volcán /
Mención de responsabilidad Morris Simon
260 ## - PUBLICACIÓN, DISTRIBUCIÓN, ETC. (PIE DE IMPRENTA)
Lugar de publicación, distribución, etc Barcelona :
Nombre del editor, distribuidor, etc. Timun Mas
Fecha de publicación, distribución, etc 1985
300 ## - DESCRIPCIÓN FÍSICA
Extensión 157 p. :
Otros detalles físicos il. :
Dimensiones 19 cm
490 ## - MENCIÓN DE SERIES
Mención de serie Col. Aventura sin fin ; no. 17, Serie de Dungeons & Dragons
942 ## - ADDED ENTRY ELEMENTS (KOHA)
Source of classification or shelving scheme Dewey Decimal Classification
Koha item type Libros
945 ## - INFORMACIÓN DE PROCESAMIENTO LOCAL
Información de procesamiento local inventariado, 2018 / dg
956 ## - LOCAL ELECTRONIC LOCATION AND ACCESS (OCLC)
Nombre de host daysi garcia
Existencias
Withdrawn status Lost status Source of classification or shelving scheme Damaged status Not for loan Home library Current library Date acquired Total Checkouts Barcode Date last seen Copy number Price effective from Koha item type
    Dewey Decimal Classification     Biblioteca Pública Metropolitana Salomé Ureña Biblioteca Pública Metropolitana Salomé Ureña 03/16/2016   BPMET16030133 03/16/2016 BPMSU16030133 03/16/2016 Libros